000 01244nam a22002657i 4500
003 DO-SdBNP
005 20240417095508.0
007 ta
008 240416b2017 dr ab||| |||| 00| 0 spa d
020 _a9789945586114
040 _aDO-SdBNP
_bspa
_cBNPHU
_erda
082 4 _222
100 _aMoreau de Saint-Méry, M. L. E.
_q(Médéric Louis Elie),
_d1750-1819
_959190
245 1 0 _aDescripción topográfica, física, civil, política e histórica de la parte francesa de la isla de Santo Domingo /
_cMédéric Louis Élie Moreau de Saint-Méry ; traducción de Victoria Flórez-Estrada Ponce de León ; revisión del texto William Capellán Ferreira ; diagramación y diseño de cubierta Harold Frías Maggiolo.
264 _aSanto Domingo, República Dominicana :
_bArchivo General de la Nación,
_c2017
300 _a2 volúmenes.
_c27 cm.
336 _2rdacontent
_atexto
_btxt
337 _2rdamedia
_asin mediación
_bn
338 _2rdacarrie
_avolumen
_bnc
500 _aIncluye datos biográficos del autor en las solapas
590 _aInventariado, 2024 /LP
700 1 _aFlórez-Estrada Ponce de León, Victoria,
_etraducción
_985258
700 1 _aCapellán Ferreira, William,
_erevisión del texto
_981863
942 _2ddc
_cLBS1
999 _c56428
_d56428